Statystyki dla BAZUWY JBM

Kliknij tutaj aby rozwiązać quiz!

Ogólne statystyki

  • Ten quiz został rozwiązany 9 razy
  • Średni wynik to 71 z 82

Statystyki odpowiedzi

Odpowiedź% Poprawnych
anus
100%
aorta abdominalis
100%
arteria iliaca externa
100%
arteria iliaca interna
100%
arteria mesenterica inferior
100%
arteria mesenterica superior
100%
arteria renalis
100%
bulbus duodeni
100%
cardia ventriculi
100%
cecum
100%
colon ascendens
100%
colon descendens
100%
colon sigmoideum
100%
colon transversum
100%
curvatura ventriculi major
100%
curvatura ventriculi minor
100%
ductus choledochus
100%
ductus deferens
100%
duodenum
100%
epididymis
100%
excavatio rectouterina
100%
fundus ventriculi
100%
glandula suprarenalis
100%
glans penis
100%
ileum
100%
jejunum
100%
ligamentum latum uteri
100%
ligamentum teres hepatis
100%
linea alba
100%
lobus caudatus hepatis
100%
lobus dex. hepatis
100%
lobus quadratus hepatis
100%
lobus sin. hepatis
100%
musculus obliquus externus abdominis
100%
musculus rectus abdominis
100%
ovarium
100%
pancreas
100%
pelvis renalis
100%
prostata
100%
pylorus
100%
rectum
100%
ren
100%
scrotum
100%
splen
100%
testis
100%
truncus celiacus
100%
tuba uterina
100%
ureter
100%
urethra feminina
100%
urethra masculina
100%
uterus
100%
vagina
100%
vena iliaca externa
100%
vena iliaca interna
100%
vena mesenterica inferior
100%
vena mesenterica superior
100%
vena portae hepatis
100%
vena renalis
100%
ventriculus
100%
vesica fellea
100%
vesica urinaria
100%
arteria iliaca communis
50%
clitoris
50%
corpus cavernosum penis
50%
funiculus spermaticus
50%
labium majus pudendi
50%
labium minus pudendi
50%
ligamentum hepatoduodenale
50%
ligamentum inguinale
50%
mesenterium
50%
musculus iliacus
50%
musculus levator ani
50%
musculus psoas major
50%
nervus femoralis
50%
nervus obturatorius
50%
omentum majus
50%
truncus sympathicus
50%
umbilicus
50%
vena cava inferior
50%
vena iliaca communis
50%
nodi lymphatici lumbales
0%
peritoneum parietale
0%

Rozkład punktacji

Percentyl według liczby udzielonych odpowiedzi

Procent ludzi z każdym wynikiem

Twoja historia wyników

Nie rozwiązałeś tego quizu